Fr. Conceicao Rodrigues College of Engineering

Internet of things: Hands on approach (Record no. 19171)

MARC details
000 -LEADER
fixed length control field 00347nam a2200157Ia 4500
082 ## - DEWEY DECIMAL CLASSIFICATION NUMBER
Classification number 4.65
Item number BAG
100 ## - MAIN ENTRY--PERSONAL NAME
Personal name bagha/Arshdeep/ Madisetti/Vijay
245 ## - TITLE STATEMENT
Title Internet of things: Hands on approach
260 ## - PUBLICATION, DISTRIBUTION, ETC.
Name of publisher, distributor, etc. Universities Press
Date of publication, distribution, etc. 2014
366 ## - TRADE AVAILABILITY INFORMATION
Publishers's discount category 20
300 ## - PHYSICAL DESCRIPTION
Extent 520
546 ## - LANGUAGE NOTE
Language note ENGLISH
650 ## - SUBJECT ADDED ENTRY--TOPICAL TERM
Topical term or geographic name entry element IOT
654 ## - SUBJECT ADDED ENTRY--FACETED TOPICAL TERMS
Focus term IOT
942 ## - ADDED ENTRY ELEMENTS (KOHA)
Koha item type BOOK
Holdings
Withdrawn status Lost status Damaged status Not for loan Collection Home library Current library Date acquired Source of acquisition Cost, normal purchase price Inventory number Total Checkouts Full call number Barcode Date last seen Cost, replacement price Price effective from Koha item type Total Renewals Date last checked out
        CRC Fr. Agnel's C.Rodrigues College of Engineering AGNEL TECHNICAL COLLEGE LIBRARY 17/03/2023 Allied Publishers 660.00 179 dt 06/08/2022 1 4.65 BAG 25939 12/03/2025 825.00   BOOK 1 05/02/2025
        CRC Fr. Agnel's C.Rodrigues College of Engineering Fr. Agnel's C.Rodrigues College of Engineering 17/03/2023 Allied Publishers 660.00 179 dt 06/08/2022   4.65 BAG 25938 17/03/2023 825.00   BOOK    
        CRC Fr. Agnel's C.Rodrigues College of Engineering Fr. Agnel's C.Rodrigues College of Engineering 17/03/2023 Allied Publishers 660.00 179 dt 06/08/2022   4.65 BAG 25940 17/03/2023 825.00   BOOK    
        CRC Fr. Agnel's C.Rodrigues College of Engineering Fr. Agnel's C.Rodrigues College of Engineering 17/03/2023 Allied Publishers 660.00 179 dt 06/08/2022 1 4.65 BAG 25941 30/10/2024 825.00   BOOK   16/10/2024
        CRC Fr. Agnel's C.Rodrigues College of Engineering Fr. Agnel's C.Rodrigues- College of Engineering 17/03/2023 Allied Publishers 660.00 179 dt 06/08/2022 2 4.65 BAG 25942 25/11/2024 825.00   BOOK   21/11/2024